Wetenschappelijke nedelandse naam - Statistieken

Algemene statistieken
  • Deze quiz is 35 keer genomen
    17 sinds de laatste reset
  • De gemiddelde score is 9 van 23
Antwoordstatistieken
Nederlandse naam Wetenschappelijke naam % Correct
Ruwe berk Betula pendula
100%
Struikhei Calluna vulgaris
100%
Amerikaanse vogelkers Prunus serotina
100%
Zomereik Quercus robur
100%
Robinia Robinia pseudoacacia
100%
Roos (soort) Rosa spec.
100%
Wilde peen Daucus carota
80%
Eenstijlige meidoorn Crataegus monogyna
67%
Bosaardbei Fragaria vesca
67%
Riet Phragmites australis
67%
Schietwilg Salix alba
67%
Wilde lijsterbes Sorbus aucuparia
67%
Zachte berk Betula pubescens
50%
Beuk Fagus sylvatica
50%
Gewone hennepnetel Galeopsis tetrahit
50%
Engels raaigras Lolium perenne
50%
Gewone smeerwortel Symphytum officinale
50%
Rode klaver Trifolium pratense
50%
Pitrus Juncus effusus
40%
Bochtige smele Avenella flexuosa
33%
Wateraardbij Comarum palustre
33%
Gewone dophei Erica tetralix
33%
Echte kamille Matricaria chamomilla
33%
Ridderzuring Rumex obtusifolius
33%
Wolfspoot Lycopus europaeus
25%
Gewone pastinaak Pastinaca sativa subsp. sativa
25%
Grove den Pinus sylvestris
25%
Gewone esdoorn Acer pseudoplatanus
0%
Gewone agrimonie Agrimonia eupatoria
0%
Zwarte els Alnus glutinosa
0%
Kleine watereppe Berula erecta
0%
Klein streepzaad Crepis capillaris
0%
Holpijp Equisetum fluviatile
0%
Es Fraxinus excelsior
0%
Liesgras Glyceria maxima
0%
Gewone berenklauw Heracleum sphondilium subsp. sphondilium
0%
Waterviolier Hottonia palustris
0%
Veldrus Juncus acutiflorus
0%
Japanse lork Larix kaempferi
0%
Veldlathyrus Lathyrus prathensis
0%
Gewone rolklaver Lotus corniculatus subsp. corniculatus
0%
Pijpenstrootje Molinia caerulea
0%
Zwarte den Pinus nigra
0%
Douglasspar Pseudotsuga menziesii
0%
Adelaarsvaren Pteridium aquilinum
0%
Amerikaanse eik Quercus rubra
0%
Bosbies Scirpus sylvaticus
0%
Boerenwormkruid Tanacetum vulgare
0%
Grote brandnetel Urtica dioica
0%
Geen overeenkomende quizzen gevonden
Scoreverdeling
Procent van Mensen met Elke Score
Percentiel versus Aantal Correcte Antwoorden
Uw Scoregeschiedenis
U heeft deze quiz nog niet genomen sinds de laatste reset